| 000 | 00318nam a22001217a 4500 | ||
|---|---|---|---|
| 082 | _a332.152 | ||
| 100 | _aState Bank of Pakistan | ||
| 245 |
_aPakistan: Financial Sector Assessment 2003 _cState Bank of Pakistan |
||
| 260 |
_aKarachi _bSBP Research Deptt _c2003 |
||
| 300 | _a186p | ||
| 563 | _aPB | ||
| 942 |
_2ddc _cBK |
||
| 999 |
_c588752 _d588752 |
||